[Event "English Womens Championships 2024"]
[Site "Kenilworth, United Kingdom"]
[Date "2024.06.20"]
[Round "2.9"]
[White "Agarwal, Amaya"]
[Black "Milewska, Agnieszka"]
[Result "1/2-1/2"]
[TimeControl "G:90 minutes + 30 seconds added per move"]
[WhiteFideId "48733580"]
[BlackFideId "1196391"]
[WhiteElo "1718"]
[BlackElo "1769"]

1. e4 {[%clk 01:30:58]} {[%emt 00:00:02]} e6 {[%clk 01:28:11]} {[%emt
00:02:49]} 2. d4 {[%clk 01:31:21]} {[%emt 00:00:07]} d5 {[%clk 01:28:38]}
{[%emt 00:00:04]} 3. Nd2 {[%clk 01:31:46]} {[%emt 00:00:05]} c5 {[%clk
01:28:52]} {[%emt 00:00:15]} 4. exd5 {[%clk 01:32:08]} {[%emt 00:00:08]} exd5
{[%clk 01:29:10]} {[%emt 00:00:13]} 5. Bb5+ {[%clk 01:32:31]} {[%emt 00:00:06]}
Nc6 {[%clk 01:29:25]} {[%emt 00:00:16]} 6. Ngf3 {[%clk 01:32:48]} {[%emt
00:00:12]} cxd4 {[%clk 01:29:08]} {[%emt 00:00:48]} 7. Nxd4 {[%clk 01:32:15]}
{[%emt 00:01:03]} Bd7 {[%clk 01:29:28]} {[%emt 00:00:09]} 8. N2f3 {[%clk
01:31:40]} {[%emt 00:01:05]} Bc5 {[%clk 01:29:56]} {[%emt 00:00:02]} 9. Be3
{[%clk 01:29:46]} {[%emt 00:02:25]} Nxd4 {[%clk 01:30:02]} {[%emt 00:00:24]} 10.
Bxd7+ {[%clk 01:30:05]} {[%emt 00:00:11]} Qxd7 {[%clk 01:30:23]} {[%emt
00:00:08]} 11. Bxd4 {[%clk 01:25:00]} {[%emt 00:05:36]} Qe7+ {[%clk 01:26:08]}
{[%emt 00:04:45]} 12. Qe2 {[%clk 01:22:43]} {[%emt 00:02:46]} Qxe2+ {[%clk
01:26:30]} {[%emt 00:00:08]} 13. Kxe2 {[%clk 01:23:09]} {[%emt 00:00:04]} Bxd4
{[%clk 01:26:46]} {[%emt 00:00:15]} 14. Nxd4 {[%clk 01:23:32]} {[%emt
00:00:07]} Nf6 {[%clk 01:27:09]} {[%emt 00:00:07]} 15. Rhe1 {[%clk 01:23:04]}
{[%emt 00:00:57]} O-O {[%clk 01:27:27]} {[%emt 00:00:13]} 16. Kf1 {[%clk
01:21:49]} {[%emt 00:01:44]} Rfe8 {[%clk 01:25:31]} {[%emt 00:02:26]} 17. Rad1
{[%clk 01:21:52]} {[%emt 00:00:26]} Kf8 {[%clk 01:25:26]} {[%emt 00:00:36]} 18.
c3 {[%clk 01:18:35]} {[%emt 00:03:47]} a6 {[%clk 01:25:42]} {[%emt 00:00:15]}
19. Nf5 {[%clk 01:18:03]} {[%emt 00:01:01]} Rxe1+ {[%clk 01:25:23]} {[%emt
00:00:50]} 20. Rxe1 {[%clk 01:18:16]} {[%emt 00:00:16]} Ne4 {[%clk 01:25:24]}
{[%emt 00:00:29]} 21. Rd1 {[%clk 01:17:30]} {[%emt 00:01:17]} Rd8 {[%clk
01:25:27]} {[%emt 00:00:26]} 22. Ne3 {[%clk 01:14:30]} {[%emt 00:03:30]} Nf6
{[%clk 01:25:55]} {[%emt 00:00:03]} 23. Rd4 {[%clk 01:09:18]} {[%emt 00:05:40]}
Ke7 {[%clk 01:25:51]} {[%emt 00:00:35]} 24. Nf5+ {[%clk 01:09:37]} {[%emt
00:00:12]} Kf8 {[%clk 01:20:39]} {[%emt 00:05:42]} 25. Ke2 {[%clk 00:54:29]}
{[%emt 00:15:37]} g6 {[%clk 01:18:05]} {[%emt 00:03:04]} 26. Ne3 {[%clk
00:53:21]} {[%emt 00:01:39]} b5 {[%clk 01:18:03]} {[%emt 00:00:31]} 27. a4
{[%clk 00:52:57]} {[%emt 00:00:55]} Ke7 {[%clk 01:18:22]} {[%emt 00:00:11]} 28.
axb5 {[%clk 00:53:05]} {[%emt 00:00:22]} axb5 {[%clk 01:18:51]} {[%emt
00:00:01]} 29. Rb4 {[%clk 00:52:59]} {[%emt 00:00:36]} Rb8 {[%clk 01:19:05]}
{[%emt 00:00:15]} 30. Nc2 {[%clk 00:52:36]} {[%emt 00:00:54]} Kd6 {[%clk
01:18:41]} {[%emt 00:00:54]} 31. Nd4 {[%clk 00:50:16]} {[%emt 00:02:49]} Kc5
{[%clk 01:18:40]} {[%emt 00:00:30]} 32. Nb3+ {[%clk 00:50:33]} {[%emt
00:00:14]} Kd6 {[%clk 01:18:00]} {[%emt 00:01:11]} 33. Nd4 {[%clk 00:47:49]}
{[%emt 00:03:14]} Kc5 {[%clk 01:16:22]} {[%emt 00:02:07]} 34. Kd3 {[%clk
00:45:06]} {[%emt 00:03:02]} Ng4 {[%clk 01:16:24]} {[%emt 00:00:39]} 35. Nb3+
{[%clk 00:45:23]} {[%emt 00:00:13]} Kd6 {[%clk 01:16:10]} {[%emt 00:00:45]} 36.
Rxg4 {[%clk 00:45:47]} {[%emt 00:00:06]} Ra8 {[%clk 01:16:25]} {[%emt
00:00:15]} 37. Rb4 {[%clk 00:45:57]} {[%emt 00:00:19]} Rb8 {[%clk 01:15:07]}
{[%emt 00:01:48]} 38. Rh4 {[%clk 00:45:55]} {[%emt 00:00:27]} h5 {[%clk
01:15:35]} {[%emt 00:00:08]} 39. Rf4 {[%clk 00:45:50]} {[%emt 00:00:34]} f5
{[%clk 01:16:02]} {[%emt 00:00:03]} 40. Rf3 {[%clk 00:45:43]} {[%emt 00:00:36]}
b4 {[%clk 01:16:09]} {[%emt 00:00:24]} 41. Rg3 {[%clk 00:45:37]} {[%emt
00:00:36]} bxc3 {[%clk 01:14:57]} {[%emt 00:01:43]} 42. Rxg6+ {[%clk 00:46:00]}
{[%emt 00:00:06]} Ke5 {[%clk 01:15:09]} {[%emt 00:00:18]} 43. Kxc3 {[%clk
00:46:18]} {[%emt 00:00:13]} Rc8+ {[%clk 01:14:52]} {[%emt 00:00:46]} 44. Kd3
{[%clk 00:46:31]} {[%emt 00:00:07]} Rb8 {[%clk 01:15:09]} {[%emt 00:00:23]} 45.
Kc3 {[%clk 00:46:16]} {[%emt 00:00:46]} Rc8+ {[%clk 01:15:32]} {[%emt
00:00:07]} 46. Kd2 {[%clk 00:44:31]} {[%emt 00:02:14]} Rb8 {[%clk 01:15:48]}
{[%emt 00:00:14]} 47. Rg3 {[%clk 00:43:46]} {[%emt 00:01:16]} d4 {[%clk
01:15:30]} {[%emt 00:00:47]} 48. Rd3 {[%clk 00:43:05]} {[%emt 00:01:09]} f4
{[%clk 01:15:27]} {[%emt 00:00:35]} 49. Ke2 {[%clk 00:42:41]} {[%emt 00:00:54]}
Rb4 {[%clk 01:12:20]} {[%emt 00:03:34]} 50. Kf3 {[%clk 00:41:55]} {[%emt
00:01:19]} Rb8 {[%clk 01:09:45]} {[%emt 00:03:05]} 51. g3 {[%clk 00:40:26]}
{[%emt 00:01:59]} fxg3 {[%clk 01:09:01]} {[%emt 00:01:14]} 52. Kxg3 {[%clk
00:40:10]} {[%emt 00:00:46]} Rg8+ {[%clk 01:06:53]} {[%emt 00:02:39]} 53. Kh3
{[%clk 00:39:40]} {[%emt 00:00:52]} Rf8 {[%clk 01:04:37]} {[%emt 00:02:53]} 54.
Kg2 {[%clk 00:38:52]} {[%emt 00:01:19]} Rb8 {[%clk 01:04:44]} {[%emt 00:00:22]}
55. Nd2 {[%clk 00:38:38]} {[%emt 00:00:43]} Kd5 {[%clk 01:04:50]} {[%emt
00:00:24]} 56. b3 {[%clk 00:38:28]} {[%emt 00:00:41]} Re8 {[%clk 01:03:00]}
{[%emt 00:02:19]} 57. Rh3 {[%clk 00:36:28]} {[%emt 00:02:19]} Rh8 {[%clk
01:01:21]} {[%emt 00:02:21]} 58. Rg3 {[%clk 00:35:43]} {[%emt 00:01:16]} Kc5
{[%clk 00:59:50]} {[%emt 00:02:01]} 59. Ne4+ {[%clk 00:32:53]} {[%emt
00:03:19]} Kd5 {[%clk 00:59:52]} {[%emt 00:00:28]} 60. Nf6+ {[%clk 00:31:57]}
{[%emt 00:01:25]} Ke5 {[%clk 00:59:59]} {[%emt 00:00:24]} 61. Nd7+ {[%clk
00:28:15]} {[%emt 00:04:12]} Kd6 {[%clk 00:59:37]} {[%emt 00:00:53]} 62. Nb6
{[%clk 00:27:56]} {[%emt 00:00:49]} Ke5 {[%clk 00:59:33]} {[%emt 00:00:33]} 63.
Nc4+ {[%clk 00:27:20]} {[%emt 00:01:06]} Ke4 {[%clk 00:59:51]} {[%emt
00:00:12]} 64. Nd2+ {[%clk 00:27:44]} {[%emt 00:00:06]} Kd5 {[%clk 00:58:20]}
{[%emt 00:02:02]} 65. Rd3 {[%clk 00:27:49]} {[%emt 00:00:25]} Rg8+ {[%clk
00:58:34]} {[%emt 00:00:16]} 66. Kf1 {[%clk 00:27:47]} {[%emt 00:00:29]} Ra8
{[%clk 00:58:25]} {[%emt 00:00:42]} 67. Rg3 {[%clk 00:22:16]} {[%emt 00:06:01]}
Rh8 {[%clk 00:57:35]} {[%emt 00:01:20]} 68. Ke2 {[%clk 00:22:28]} {[%emt
00:00:17]} h4 {[%clk 00:57:31]} {[%emt 00:00:34]} 69. Rg5+ {[%clk 00:22:46]}
{[%emt 00:00:12]} Ke6 {[%clk 00:57:35]} {[%emt 00:00:25]} 70. Kd3 {[%clk
00:22:55]} {[%emt 00:00:22]} Rf8 {[%clk 00:57:25]} {[%emt 00:00:40]} 71. f3
{[%clk 00:22:58]} {[%emt 00:00:27]} Rh8 {[%clk 00:51:38]} {[%emt 00:06:18]} 72.
Kxd4 {[%clk 00:22:52]} {[%emt 00:00:36]} Rd8+ {[%clk 00:51:57]} {[%emt
00:00:11]} 73. Ke3 {[%clk 00:22:40]} {[%emt 00:00:32]} Rh8 {[%clk 00:51:20]}
{[%emt 00:01:18]} 74. b4 {[%clk 00:22:50]} {[%emt 00:00:20]} h3 {[%clk
00:51:37]} {[%emt 00:00:13]} 75. b5 {[%clk 00:22:56]} {[%emt 00:00:24]} Kd6
{[%clk 00:51:42]} {[%emt 00:00:25]} 76. Nc4+ {[%clk 00:22:52]} {[%emt
00:00:34]} Kc7 {[%clk 00:52:02]} {[%emt 00:00:09]} 77. Rg7+ {[%clk 00:23:08]}
{[%emt 00:00:15]} Kb8 {[%clk 00:51:43]} {[%emt 00:00:49]} 78. b6 {[%clk
00:23:13]} {[%emt 00:00:24]} Re8+ {[%clk 00:52:10]} {[%emt 00:00:04]} 79. Kf2
{[%clk 00:22:49]} {[%emt 00:00:54]} Rc8 {[%clk 00:52:21]} {[%emt 00:00:19]} 80.
Nd6 {[%clk 00:22:23]} {[%emt 00:00:55]} Rc2+ {[%clk 00:52:47]} {[%emt
00:00:04]} 81. Kg3 {[%clk 00:22:25]} {[%emt 00:00:25]} Rg2+ {[%clk 00:53:13]}
{[%emt 00:00:06]} 82. Kxh3 {[%clk 00:22:39]} {[%emt 00:00:18]} Rxg7 {[%clk
00:53:29]} {[%emt 00:00:13]} 83. f4 {[%clk 00:22:41]} {[%emt 00:00:29]} Rg6
{[%clk 00:53:33]} {[%emt 00:00:25]} 84. Nc4 {[%clk 00:22:53]} {[%emt 00:00:17]}
Kb7 {[%clk 00:52:55]} {[%emt 00:01:09]} 85. f5 {[%clk 00:23:05]} {[%emt
00:00:18]} Rg8 {[%clk 00:51:23]} {[%emt 00:02:03]} 86. Kh4 {[%clk 00:20:45]}
{[%emt 00:02:49]} Kc6 {[%clk 00:51:37]} {[%emt 00:00:17]} 87. f6 {[%clk
00:18:39]} {[%emt 00:02:35]} Kd5 {[%clk 00:51:01]} {[%emt 00:01:06]} 88. Ne3+
{[%clk 00:18:04]} {[%emt 00:01:05]} Ke6 {[%clk 00:51:04]} {[%emt 00:00:26]} 89.
Ng4 {[%clk 00:17:50]} {[%emt 00:00:45]} Rb8 {[%clk 00:47:49]} {[%emt 00:03:44]}
90. Kg5 {[%clk 00:17:50]} {[%emt 00:00:30]} Rg8+ {[%clk 00:47:18]} {[%emt
00:01:02]} 91. Kh5 {[%clk 00:17:26]} {[%emt 00:00:52]} Rh8+ {[%clk 00:47:31]}
{[%emt 00:00:20]} 92. Kg5 {[%clk 00:17:35]} {[%emt 00:00:20]} Rg8+ {[%clk
00:48:00]} {[%emt 00:00:02]} 93. Kf4 {[%clk 00:16:46]} {[%emt 00:01:18]} Rb8
{[%clk 00:48:17]} {[%emt 00:00:12]} 94. h4 {[%clk 00:16:15]} {[%emt 00:01:02]}
Rxb6 {[%clk 00:48:29]} {[%emt 00:00:19]} 95. Kg5 {[%clk 00:14:20]} {[%emt
00:02:25]} Rb4 {[%clk 00:46:59]} {[%emt 00:01:58]} 96. h5 {[%clk 00:14:06]}
{[%emt 00:00:44]} Rxg4+ {[%clk 00:47:18]} {[%emt 00:00:12]} 97. Kxg4 {[%clk
00:14:19]} {[%emt 00:00:17]} Kxf6 {[%clk 00:47:48]} {[%emt 00:00:01]} 98. Kf4
{[%clk 00:14:33]} {[%emt 00:00:16]} Kg7 {[%clk 00:48:11]} {[%emt 00:00:07]} 99.
Kg5 {[%clk 00:14:57]} {[%emt 00:00:05]} Kh7 {[%clk 00:48:28]} {[%emt 00:00:13]}
100. Kf5 {[%clk 00:15:00]} {[%emt 00:00:27]} Kh6 {[%clk 00:48:52]} {[%emt
00:00:07]} 101. Kg4 {[%clk 00:15:26]} {[%emt 00:00:03]} Kg7 {[%clk 00:49:15]}
{[%emt 00:00:08]} 102. Kg5 {[%clk 00:15:51]} {[%emt 00:00:05]} Kh7 {[%clk
00:49:41]} {[%emt 00:00:04]} 103. h6 {[%clk 00:16:16]} {[%emt 00:00:04]} Kg8
{[%clk 00:49:58]} {[%emt 00:00:13]} 104. Kf6 {[%clk 00:16:33]} {[%emt
00:00:13]} Kh7 {[%clk 00:50:24]} {[%emt 00:00:05]} 105. Kg5 {[%clk 00:17:00]}
{[%emt 00:00:03]} Kg8 {[%clk 00:50:46]} {[%emt 00:00:07]} 106. Kg6 {[%clk
00:17:24]} {[%emt 00:00:06]} Kh8 {[%clk 00:51:11]} {[%emt 00:00:05]} 1/2-1/2

[Event "English Womens Championships 2024"]
[Site "Kenilworth, United Kingdom"]
[Date "2024.06.21"]
[Round "3.1"]
[White "Hryshchenko, Kamila"]
[Black "Toma, Katarzyna"]
[Result "0-1"]
[TimeControl "G:90 minutes + 30 seconds added per move"]
[WhiteFideId "14147491"]
[BlackFideId "1119907"]
[WhiteElo "2161"]
[BlackElo "2220"]

1. e4 {[%clk 01:30:56]} {[%emt 00:00:04]} c5 {[%clk 01:30:54]} {[%emt
00:00:06]} 2. Nf3 {[%clk 01:31:13]} {[%emt 00:00:13]} Nc6 {[%clk 01:31:12]}
{[%emt 00:00:13]} 3. Bb5 {[%clk 01:30:48]} {[%emt 00:00:55]} g6 {[%clk
01:31:31]} {[%emt 00:00:10]} 4. Bxc6 {[%clk 01:31:05]} {[%emt 00:00:13]} bxc6
{[%clk 01:31:55]} {[%emt 00:00:06]} 5. O-O {[%clk 01:30:29]} {[%emt 00:01:06]}
Bg7 {[%clk 01:32:17]} {[%emt 00:00:09]} 6. Re1 {[%clk 01:30:46]} {[%emt
00:00:13]} Qc7 {[%clk 01:31:22]} {[%emt 00:01:25]} 7. c3 {[%clk 01:30:28]}
{[%emt 00:00:48]} d6 {[%clk 01:30:47]} {[%emt 00:01:04]} 8. h3 {[%clk
01:30:43]} {[%emt 00:00:16]} Nf6 {[%clk 01:30:42]} {[%emt 00:00:35]} 9. d4
{[%clk 01:30:00]} {[%emt 00:01:12]} cxd4 {[%clk 01:28:37]} {[%emt 00:02:35]} 10.
cxd4 {[%clk 01:30:02]} {[%emt 00:00:29]} O-O {[%clk 01:27:39]} {[%emt
00:01:27]} 11. Nc3 {[%clk 01:29:44]} {[%emt 00:00:48]} c5 {[%clk 01:25:26]}
{[%emt 00:02:44]} 12. e5 {[%clk 01:23:46]} {[%emt 00:06:27]} dxe5 {[%clk
01:25:44]} {[%emt 00:00:12]} 13. dxe5 {[%clk 01:23:46]} {[%emt 00:00:30]} Rd8
{[%clk 01:25:38]} {[%emt 00:00:37]} 14. Qa4 {[%clk 01:23:31]} {[%emt 00:00:45]}
Nh5 {[%clk 01:25:12]} {[%emt 00:00:55]} 15. Qc4 {[%clk 01:14:16]} {[%emt
00:09:45]} Bb7 {[%clk 01:16:13]} {[%emt 00:09:29]} 16. e6 {[%clk 01:08:14]}
{[%emt 00:06:33]} f5 {[%clk 01:08:24]} {[%emt 00:08:18]} 17. Be3 {[%clk
01:07:38]} {[%emt 00:01:06]} Bxf3 {[%clk 00:56:30]} {[%emt 00:12:24]} 18. gxf3
{[%clk 01:08:00]} {[%emt 00:00:08]} Qb7 {[%clk 00:40:46]} {[%emt 00:16:15]} 19.
Bxc5 {[%clk 00:59:28]} {[%emt 00:09:02]} Qxf3 {[%clk 00:36:52]} {[%emt
00:04:24]} 20. Re3 {[%clk 00:59:31]} {[%emt 00:00:27]} Qb7 {[%clk 00:37:05]}
{[%emt 00:00:16]} 21. Qb3 {[%clk 00:31:58]} {[%emt 00:28:03]} Qc6 {[%clk
00:31:34]} {[%emt 00:06:01]} 22. Qb5 {[%clk 00:29:51]} {[%emt 00:02:37]} Qc7
{[%clk 00:30:32]} {[%emt 00:01:32]} 23. Qb4 {[%clk 00:29:19]} {[%emt 00:01:02]}
Rab8 {[%clk 00:25:20]} {[%emt 00:05:42]} 24. Nb5 {[%clk 00:28:05]} {[%emt
00:01:44]} Qb7 {[%clk 00:25:23]} {[%emt 00:00:27]} 25. Rb3 {[%clk 00:28:21]}
{[%emt 00:00:14]} a5 {[%clk 00:21:01]} {[%emt 00:04:53]} 26. Qc4 {[%clk
00:25:55]} {[%emt 00:02:55]} Be5 {[%clk 00:14:42]} {[%emt 00:06:49]} 27. Nd4
{[%clk 00:13:18]} {[%emt 00:13:08]} Qe4 {[%clk 00:11:21]} {[%emt 00:03:51]} 28.
Re3 {[%clk 00:13:28]} {[%emt 00:00:19]} Qf4 {[%clk 00:10:44]} {[%emt 00:01:06]}
29. Rxe5 {[%clk 00:13:16]} {[%emt 00:00:42]} Qxe5 {[%clk 00:10:04]} {[%emt
00:01:10]} 30. Nc6 {[%clk 00:13:38]} {[%emt 00:00:09]} Qxb2 {[%clk 00:09:20]}
{[%emt 00:01:14]} 31. Rf1 {[%clk 00:13:18]} {[%emt 00:00:49]} Re8 {[%clk
00:05:56]} {[%emt 00:03:55]} 32. Nxe7+ {[%clk 00:12:24]} {[%emt 00:01:24]} Rxe7
{[%clk 00:06:21]} {[%emt 00:00:06]} 33. Bxe7 {[%clk 00:12:49]} {[%emt
00:00:04]} Qe5 {[%clk 00:06:35]} {[%emt 00:00:17]} 34. Bc5 {[%clk 00:05:11]}
{[%emt 00:08:07]} Qf4 {[%clk 00:03:05]} {[%emt 00:03:59]} 35. Bd4 {[%clk
00:04:59]} {[%emt 00:00:43]} Qg5+ {[%clk 00:03:16]} {[%emt 00:00:19]} 36. Kh1
{[%clk 00:05:24]} {[%emt 00:00:04]} Qe7 {[%clk 00:03:36]} {[%emt 00:00:10]} 37.
Re1 {[%clk 00:00:53]} {[%emt 00:05:02]} Nf4 {[%clk 00:01:00]} {[%emt 00:03:06]}
38. Be5 {[%clk 00:00:34]} {[%emt 00:00:49]} Qb7+ {[%clk 00:01:17]} {[%emt
00:00:12]} 39. Re4 {[%clk 00:01:01]} {[%emt 00:00:04]} Qxe4+ {[%clk 00:00:44]}
{[%emt 00:01:03]} 40. Qxe4 {[%clk 00:01:28]} {[%emt 00:00:03]} fxe4 {[%clk
00:01:09]} {[%emt 00:00:05]} 41. Bxb8 {[%clk 00:01:52]} {[%emt 00:00:06]} Nxe6
{[%clk 00:01:33]} {[%emt 00:00:06]} 42. Kg2 {[%clk 00:02:01]} {[%emt 00:00:21]}
Kf7 {[%clk 00:01:39]} {[%emt 00:00:23]} 43. Be5 {[%clk 00:02:23]} {[%emt
00:00:08]} Nc5 {[%clk 00:01:33]} {[%emt 00:00:37]} 44. Bd4 {[%clk 00:01:15]}
{[%emt 00:01:38]} Ne6 {[%clk 00:01:39]} {[%emt 00:00:24]} 45. Be5 {[%clk
00:01:41]} {[%emt 00:00:03]} a4 {[%clk 00:01:52]} {[%emt 00:00:18]} 46. Kg3
{[%clk 00:01:39]} {[%emt 00:00:32]} g5 {[%clk 00:01:21]} {[%emt 00:01:01]} 47.
h4 {[%clk 00:01:28]} {[%emt 00:00:41]} Kg6 {[%clk 00:01:34]} {[%emt 00:00:17]}
48. hxg5 {[%clk 00:01:53]} {[%emt 00:00:05]} Kxg5 {[%clk 00:01:48]} {[%emt
00:00:16]} 49. Bc3 {[%clk 00:02:03]} {[%emt 00:00:20]} Kf5 {[%clk 00:01:52]}
{[%emt 00:00:26]} 50. Bh8 {[%clk 00:01:37]} {[%emt 00:00:56]} Nf4 {[%clk
00:01:55]} {[%emt 00:00:26]} 51. Ba1 {[%clk 00:01:10]} {[%emt 00:00:58]} Ne2+
{[%clk 00:02:02]} {[%emt 00:00:22]} 52. Kg2 {[%clk 00:01:31]} {[%emt 00:00:10]}
Kg4 {[%clk 00:02:24]} {[%emt 00:00:09]} 53. Be5 {[%clk 00:01:48]} {[%emt
00:00:12]} Nf4+ {[%clk 00:02:24]} {[%emt 00:00:29]} 54. Kg1 {[%clk 00:01:38]}
{[%emt 00:00:40]} Kf3 {[%clk 00:02:42]} {[%emt 00:00:13]} 55. Bf6 {[%clk
00:01:54]} {[%emt 00:00:13]} 0-1

[Event "English Womens Championships 2024"]
[Site "Kenilworth, United Kingdom"]
[Date "2024.06.21"]
[Round "3.2"]
[White "Mirzoeva, Elmira"]
[Black "Rida, Ruqayyah"]
[Result "1-0"]
[TimeControl "G:90 minutes + 30 seconds added per move"]
[WhiteFideId "4127951"]
[BlackFideId "343272375"]
[WhiteElo "2260"]
[BlackElo "1962"]

1. Nf3 {[%clk 01:30:55]} {[%emt 00:00:04]} Nf6 {[%clk 01:30:53]} {[%emt
00:00:07]} 2. b3 {[%clk 01:31:10]} {[%emt 00:00:15]} g6 {[%clk 01:31:11]}
{[%emt 00:00:12]} 3. Bb2 {[%clk 01:31:25]} {[%emt 00:00:15]} Bg7 {[%clk
01:31:34]} {[%emt 00:00:07]} 4. g3 {[%clk 01:30:51]} {[%emt 00:01:04]} O-O
{[%clk 01:31:19]} {[%emt 00:00:45]} 5. Bg2 {[%clk 01:31:03]} {[%emt 00:00:19]}
d5 {[%clk 01:31:20]} {[%emt 00:00:30]} 6. c4 {[%clk 01:30:55]} {[%emt
00:00:37]} c5 {[%clk 01:29:51]} {[%emt 00:01:59]} 7. cxd5 {[%clk 01:30:31]}
{[%emt 00:00:54]} Nxd5 {[%clk 01:27:56]} {[%emt 00:02:24]} 8. Bxg7 {[%clk
01:30:41]} {[%emt 00:00:20]} Kxg7 {[%clk 01:28:17]} {[%emt 00:00:10]} 9. O-O
{[%clk 01:28:13]} {[%emt 00:02:58]} Nc6 {[%clk 01:27:15]} {[%emt 00:01:32]} 10.
d4 {[%clk 01:27:43]} {[%emt 00:01:01]} cxd4 {[%clk 01:18:10]} {[%emt 00:09:33]}
11. Nxd4 {[%clk 01:28:00]} {[%emt 00:00:13]} e5 {[%clk 01:17:40]} {[%emt
00:01:00]} 12. Nxc6 {[%clk 01:24:01]} {[%emt 00:04:30]} bxc6 {[%clk 01:18:00]}
{[%emt 00:00:10]} 13. Qc1 {[%clk 01:20:45]} {[%emt 00:03:45]} Qe8 {[%clk
01:12:45]} {[%emt 00:05:45]} 14. Nd2 {[%clk 01:17:31]} {[%emt 00:03:44]} Be6
{[%clk 01:09:09]} {[%emt 00:04:06]} 15. Nc4 {[%clk 01:14:36]} {[%emt 00:03:26]}
f6 {[%clk 01:08:41]} {[%emt 00:00:57]} 16. Na5 {[%clk 01:12:52]} {[%emt
00:02:14]} Rc8 {[%clk 01:06:43]} {[%emt 00:02:28]} 17. Qc5 {[%clk 01:12:03]}
{[%emt 00:01:19]} Qe7 {[%clk 01:06:14]} {[%emt 00:00:59]} 18. Rac1 {[%clk
01:09:10]} {[%emt 00:03:23]} Qxc5 {[%clk 00:59:03]} {[%emt 00:07:42]} 19. Rxc5
{[%clk 01:09:35]} {[%emt 00:00:04]} Rf7 {[%clk 00:53:05]} {[%emt 00:06:29]} 20.
Rfc1 {[%clk 01:06:02]} {[%emt 00:04:03]} Rd7 {[%clk 00:44:59]} {[%emt
00:08:36]} 21. h4 {[%clk 00:58:56]} {[%emt 00:07:36]} Ne7 {[%clk 00:33:56]}
{[%emt 00:11:32]} 22. Nxc6 {[%clk 00:54:38]} {[%emt 00:04:48]} Nxc6 {[%clk
00:34:07]} {[%emt 00:00:19]} 23. Rxc6 {[%clk 00:54:57]} {[%emt 00:00:11]} Rxc6
{[%clk 00:34:18]} {[%emt 00:00:18]} 24. Rxc6 {[%clk 00:55:08]} {[%emt
00:00:20]} Kf7 {[%clk 00:34:16]} {[%emt 00:00:32]} 25. Ra6 {[%clk 00:54:16]}
{[%emt 00:01:20]} Rc7 {[%clk 00:33:38]} {[%emt 00:01:10]} 26. Ra5 {[%clk
00:49:41]} {[%emt 00:05:05]} Ke7 {[%clk 00:29:57]} {[%emt 00:04:11]} 27. f4
{[%clk 00:48:35]} {[%emt 00:01:37]} exf4 {[%clk 00:25:22]} {[%emt 00:05:04]} 28.
gxf4 {[%clk 00:47:34]} {[%emt 00:01:31]} f5 {[%clk 00:25:22]} {[%emt 00:00:30]}
29. Kf2 {[%clk 00:47:30]} {[%emt 00:00:34]} Kd6 {[%clk 00:23:08]} {[%emt
00:02:45]} 30. Ra6+ {[%clk 00:47:21]} {[%emt 00:00:38]} Ke7 {[%clk 00:23:05]}
{[%emt 00:00:33]} 31. Bf3 {[%clk 00:47:25]} {[%emt 00:00:26]} Bc8 {[%clk
00:21:21]} {[%emt 00:02:14]} 32. Ra5 {[%clk 00:46:56]} {[%emt 00:00:59]} Be6
{[%clk 00:18:24]} {[%emt 00:03:27]} 33. Ke3 {[%clk 00:45:49]} {[%emt 00:01:37]}
Rd7 {[%clk 00:17:16]} {[%emt 00:01:38]} 34. b4 {[%clk 00:44:27]} {[%emt
00:01:52]} Kd8 {[%clk 00:15:29]} {[%emt 00:02:17]} 35. a4 {[%clk 00:44:08]}
{[%emt 00:00:49]} Kc8 {[%clk 00:14:23]} {[%emt 00:01:36]} 36. Ra6 {[%clk
00:40:43]} {[%emt 00:03:55]} Bb3 {[%clk 00:12:14]} {[%emt 00:02:39]} 37. b5
{[%clk 00:31:16]} {[%emt 00:09:56]} Re7+ {[%clk 00:05:24]} {[%emt 00:07:21]} 38.
Kd2 {[%clk 00:28:04]} {[%emt 00:03:40]} Rc7 {[%clk 00:03:40]} {[%emt 00:02:17]}
39. Bc6 {[%clk 00:24:08]} {[%emt 00:04:26]} Bc4 {[%clk 00:03:42]} {[%emt
00:00:27]} 40. e3 {[%clk 00:23:55]} {[%emt 00:00:43]} Kd8 {[%clk 00:03:09]}
{[%emt 00:01:04]} 41. Kc3 {[%clk 00:22:57]} {[%emt 00:01:27]} Bd5 {[%clk
00:02:45]} {[%emt 00:00:54]} 42. Kd4 {[%clk 00:22:48]} {[%emt 00:00:39]} Bxc6
{[%clk 00:02:49]} {[%emt 00:00:25]} 43. Rxc6 {[%clk 00:19:56]} {[%emt
00:03:22]} Re7 {[%clk 00:02:33]} {[%emt 00:00:47]} 44. Rc4 {[%clk 00:15:19]}
{[%emt 00:05:05]} Kd7 {[%clk 00:01:56]} {[%emt 00:01:09]} 45. a5 {[%clk
00:15:33]} {[%emt 00:00:17]} Re6 {[%clk 00:02:10]} {[%emt 00:00:15]} 46. Kd3
{[%clk 00:13:54]} {[%emt 00:02:08]} Rf6 {[%clk 00:01:22]} {[%emt 00:01:18]} 47.
Rc5 {[%clk 00:13:23]} {[%emt 00:01:01]} Rd6+ {[%clk 00:01:00]} {[%emt
00:00:52]} 48. Kc4 {[%clk 00:13:44]} {[%emt 00:00:10]} Rf6 {[%clk 00:00:50]}
{[%emt 00:00:40]} 49. Re5 {[%clk 00:13:48]} {[%emt 00:00:26]} Rf8 {[%clk
00:00:51]} {[%emt 00:00:29]} 50. b6 {[%clk 00:09:04]} {[%emt 00:05:14]} axb6
{[%clk 00:01:11]} {[%emt 00:00:10]} 51. a6 {[%clk 00:09:13]} {[%emt 00:00:22]}
b5+ {[%clk 00:00:49]} {[%emt 00:00:51]} 52. Rxb5 {[%clk 00:08:16]} {[%emt
00:01:27]} Ra8 {[%clk 00:00:40]} {[%emt 00:00:39]} 53. Rb6 {[%clk 00:08:25]}
{[%emt 00:00:21]} Kc7 {[%clk 00:00:46]} {[%emt 00:00:23]} 54. Rf6 {[%clk
00:08:33]} {[%emt 00:00:22]} Re8 {[%clk 00:00:51]} {[%emt 00:00:26]} 55. Rf7+
{[%clk 00:06:54]} {[%emt 00:02:09]} Kb6 {[%clk 00:00:51]} {[%emt 00:00:29]} 56.
a7 {[%clk 00:06:57]} {[%emt 00:00:28]} h5 {[%clk 00:00:52]} {[%emt 00:00:29]}
57. Kd5 {[%clk 00:07:06]} {[%emt 00:00:20]} Ka6 {[%clk 00:01:05]} {[%emt
00:00:18]} 58. Re7 {[%clk 00:07:14]} {[%emt 00:00:19]} 1-0